| 000 | 00439nam a22001577a 4500 | ||
|---|---|---|---|
| 999 |
_c96343 _d96343 |
||
| 005 | 20220414110706.0 | ||
| 008 | 170803b xxu||||| |||| 00| 0 eng d | ||
| 020 | _a0631169040 | ||
| 040 | _cPK-LaUMT | ||
| 082 |
_a297.082 _bFAT-W |
||
| 100 | _aFatima Mernissi | ||
| 245 |
_aWomen and Islam : _ban historical and theological enquiry / _cby Fatima Mernissi |
||
| 260 |
_aOxford : _bBasil Blackwell, _c1987 |
||
| 300 | _a228 p. | ||
| 942 | _cBK | ||